Kraje będące największymi producentami ryżu - Statystyki

Ogólne statystyki
  • Ten quiz został rozwiązany 68 razy
  • Średni wynik to 9 z 14
Statystyki odpowiedzi
Tony Kraje % Poprawnych
214 m Chiny
98%
10.5 m Japonia
97%
195 m Indie
84%
43.9 m Wietnam
81%
54.4 m Indonezja
73%
8.70 m Stany Zjednoczone
69%
33.6 m Tajlandia
68%
24.9 m Mjanma
58%
14.0 m Pakistan
58%
11.7 m Brazylia
56%
56.9 m Bangladesz
53%
11.4 m Kambodża
53%
20.0 m Filipiny
47%
8.34 m Nigeria
18%
Nie znaleziono quizów pasujących do podanych kryteriów
Rozkład punktacji
Procent ludzi z każdym wynikiem
Percentyl według liczby udzielonych odpowiedzi
Twoja historia wyników
Nie rozwiązałeś tego quizu